<?xml version="1.0" encoding="UTF-8"?>
<resp>
  <nextPage>https://data.bn.org.pl/api/networks/bibs.marcxml?marc=001+b0000005442668&amp;sinceId=5442669</nextPage>
  <collection>
    <record xmlns='http://www.loc.gov/MARC21/slim'><leader>04659nam a2200985 i 4500</leader><controlfield tag='001'>b0000005442668</controlfield><controlfield tag='005'>20260307072906.0</controlfield><controlfield tag='008'>170210s1773    pl j         |000 0 pol  </controlfield><controlfield tag='009'>9910380706405606</controlfield><datafield ind1=' ' ind2=' ' tag='026'><subfield code='a'>y-a- etch</subfield><subfield code='b'>6.a. yBtn (3)</subfield><subfield code='c'>1773</subfield><subfield code='5'>WA N</subfield></datafield><datafield ind1=' ' ind2=' ' tag='035'><subfield code='a'>991004141289705066</subfield></datafield><datafield ind1=' ' ind2=' ' tag='035'><subfield code='a'>(PL-WaBN)b54426686-48omnis_nlop</subfield></datafield><datafield ind1=' ' ind2=' ' tag='035'><subfield code='a'>b54426686</subfield></datafield><datafield ind1=' ' ind2=' ' tag='035'><subfield code='a'>(OCoLC)1042420161</subfield></datafield><datafield ind1=' ' ind2=' ' tag='035'><subfield code='a'>(PL)b0000005442668</subfield></datafield><datafield ind1=' ' ind2=' ' tag='040'><subfield code='a'>WA N</subfield><subfield code='c'>WA N</subfield><subfield code='d'>WA N</subfield><subfield code='d'>WR O</subfield></datafield><datafield ind1='2' ind2=' ' tag='045'><subfield code='b'>d701</subfield><subfield code='b'>d1773</subfield></datafield><datafield ind1=' ' ind2=' ' tag='046'><subfield code='k'>1773</subfield></datafield><datafield ind1='1' ind2=' ' tag='100'><subfield code='a'>Skrzetuski, Kajetan Józef</subfield><subfield code='d'>(1743-1806)</subfield><subfield code='e'>Autor</subfield></datafield><datafield ind1='1' ind2='0' tag='245'><subfield code='a'>Historya polityczna krolestwa francuzkiego od załozenia monarchii do czasow teraznieyszych :</subfield><subfield code='b'>Z Przydatkiem o Rządu odmianie, Szlachectwa, Hrabiow, Parow początku, Parlamencie, dawney Kawaleryi, dzieiopisach Krolestwa tudziez Wzoru Lato-pisarskiego wspołżyiących Papieżow, Cesarzow, Krolow, Xiążąt niektorych Europeyskich y Tablic Genealogicznych panuiących familii. Na koniec szczegulnych y osobliwszych Anekdotow y opisania wielkich ludzi.</subfield><subfield code='n'>Cz. 1-2 /</subfield><subfield code='c'>Dla pozytku szlachetney młodzi zebrana przez X. Kaietana Skrzetuskiego professora historyi in Collegio Nobilium Scholarum Piarum.</subfield></datafield><datafield ind1='3' ind2=' ' tag='246'><subfield code='a'>Historia polityczna królestwa francuskiego</subfield></datafield><datafield ind1=' ' ind2=' ' tag='260'><subfield code='a'>W Warszawie :</subfield><subfield code='b'>w Drukarni J. K. Mci y Rzeczypospolitey u XX. Scholarum Piarum,</subfield><subfield code='c'>1773.</subfield></datafield><datafield ind1=' ' ind2=' ' tag='300'><subfield code='a'>[7] kart, [1]-26, [27]-56, [57]-103, [104]-202 strony, [4 karty], [1]-172 strony, [2] karty, [9] kart tablic złożonych ;</subfield><subfield code='c'>8°.</subfield></datafield><datafield ind1=' ' ind2=' ' tag='336'><subfield code='a'>Tekst</subfield><subfield code='b'>txt</subfield><subfield code='2'>rdacontent</subfield></datafield><datafield ind1=' ' ind2=' ' tag='337'><subfield code='a'>Bez urządzenia pośredniczącego</subfield><subfield code='b'>n</subfield><subfield code='2'>rdamedia</subfield></datafield><datafield ind1=' ' ind2=' ' tag='338'><subfield code='a'>Wolumin</subfield><subfield code='b'>nc</subfield><subfield code='2'>rdacarrier</subfield></datafield><datafield ind1=' ' ind2=' ' tag='380'><subfield code='a'>Książki</subfield></datafield><datafield ind1=' ' ind2=' ' tag='380'><subfield code='a'>Publikacje dydaktyczne</subfield></datafield><datafield ind1=' ' ind2=' ' tag='380'><subfield code='a'>Starodruki</subfield></datafield><datafield ind1='1' ind2=' ' tag='388'><subfield code='a'>1701-1800</subfield></datafield><datafield ind1=' ' ind2=' ' tag='500'><subfield code='a'>Drzewa genealogiczne na składanych kartach tablic.</subfield></datafield><datafield ind1=' ' ind2=' ' tag='500'><subfield code='a'>Dedykacja autora: ,,Do Nayjasnieyszego Stanisława Augusta Krola Polskiego, Wielkiego Xiązęcia Litewskiego &amp;c. &amp;c. &amp;c. [...]&quot;</subfield></datafield><datafield ind1=' ' ind2=' ' tag='500'><subfield code='a'>Część druga z własną stroną tytułową i numerajcą stron.</subfield></datafield><datafield ind1=' ' ind2=' ' tag='500'><subfield code='a'>Na stronie tytułowej części drugiej: Historya polityczna krolestwa francuzkiego od załozenia monarchii częsc II zamykaiąca panowanie Domu Burbornskiego.</subfield></datafield><datafield ind1=' ' ind2=' ' tag='500'><subfield code='a'>Składane karty tablic podpisane: Tablica Chronolog. I, Tabl. II, Tabl. III, Tabl. IV, Tabl. V, Tablica I genealogiczna, Tablica III genealogiczna, Tablica IV genealogiczna, Tablica V genealogiczna.</subfield></datafield><datafield ind1='4' ind2=' ' tag='510'><subfield code='a'>Estr. XV-XVIII,</subfield><subfield code='c'>XXVIII, 202-203.</subfield></datafield><datafield ind1='4' ind2=' ' tag='510'><subfield code='a'>NKor. - 1963,</subfield><subfield code='c'>6, 195.</subfield></datafield><datafield ind1='3' ind2=' ' tag='510'><subfield code='a'>NUKAT online.</subfield></datafield><datafield ind1='0' ind2='7' tag='600'><subfield code='a'>Stanisław August Poniatowski</subfield><subfield code='c'>(król Polski ;</subfield><subfield code='d'>1732-1798)</subfield><subfield code='2'>DBN</subfield></datafield><datafield ind1='3' ind2='7' tag='600'><subfield code='a'>Burbonowie</subfield><subfield code='c'>(dynastia)</subfield><subfield code='2'>DBN</subfield></datafield><datafield ind1='3' ind2='7' tag='600'><subfield code='a'>Merowingowie</subfield><subfield code='c'>(dynastia)</subfield><subfield code='2'>DBN</subfield></datafield><datafield ind1=' ' ind2='7' tag='648'><subfield code='a'>701-800</subfield><subfield code='2'>DBN</subfield></datafield><datafield ind1=' ' ind2='7' tag='648'><subfield code='a'>801-900</subfield><subfield code='2'>DBN</subfield></datafield><datafield ind1=' ' ind2='7' tag='648'><subfield code='a'>1701-1800</subfield><subfield code='2'>DBN</subfield></datafield><datafield ind1=' ' ind2='7' tag='648'><subfield code='a'>1601-1700</subfield><subfield code='2'>DBN</subfield></datafield><datafield ind1=' ' ind2='7' tag='648'><subfield code='a'>1501-1600</subfield><subfield code='2'>DBN</subfield></datafield><datafield ind1=' ' ind2='7' tag='648'><subfield code='a'>1401-1500</subfield><subfield code='2'>DBN</subfield></datafield><datafield ind1=' ' ind2='7' tag='648'><subfield code='a'>1101-1200</subfield><subfield code='2'>DBN</subfield></datafield><datafield ind1=' ' ind2='7' tag='648'><subfield code='a'>1201-1300</subfield><subfield code='2'>DBN</subfield></datafield><datafield ind1=' ' ind2='7' tag='648'><subfield code='a'>1001-1100</subfield><subfield code='2'>DBN</subfield></datafield><datafield ind1=' ' ind2='7' tag='648'><subfield code='a'>901-1000</subfield><subfield code='2'>DBN</subfield></datafield><datafield ind1=' ' ind2='7' tag='648'><subfield code='a'>1301-1400</subfield><subfield code='2'>DBN</subfield></datafield><datafield ind1=' ' ind2='7' tag='650'><subfield code='a'>Monarchia</subfield><subfield code='2'>DBN</subfield></datafield><datafield ind1=' ' ind2='7' tag='650'><subfield code='a'>Szlachta</subfield><subfield code='2'>DBN</subfield></datafield><datafield ind1=' ' ind2='7' tag='650'><subfield code='a'>Genealogia</subfield><subfield code='2'>DBN</subfield></datafield><datafield ind1=' ' ind2='7' tag='650'><subfield code='a'>Arystokracja</subfield><subfield code='2'>DBN</subfield></datafield><datafield ind1=' ' ind2='7' tag='651'><subfield code='a'>Francja</subfield><subfield code='2'>DBN</subfield></datafield><datafield ind1=' ' ind2='7' tag='655'><subfield code='a'>Dedykacje</subfield><subfield code='2'>DBN</subfield></datafield><datafield ind1=' ' ind2='7' tag='655'><subfield code='a'>Podręcznik</subfield><subfield code='2'>DBN</subfield></datafield><datafield ind1=' ' ind2=' ' tag='658'><subfield code='a'>Historia</subfield></datafield><datafield ind1='1' ind2=' ' tag='700'><subfield code='a'>Drukarnia Pijarów (Warszawa).</subfield><subfield code='e'>Druk</subfield></datafield><datafield ind1=' ' ind2=' ' tag='752'><subfield code='a'>Polska</subfield><subfield code='d'>Warszawa.</subfield></datafield><datafield ind1=' ' ind2=' ' tag='852'><subfield code='b'>48OMNIS_NLOP</subfield><subfield code='8'>991004141289705066</subfield></datafield><datafield ind1=' ' ind2=' ' tag='852'><subfield code='b'>48OMNIS_NETWORK</subfield><subfield code='8'>9910380706405606</subfield></datafield><datafield ind1=' ' ind2=' ' tag='852'><subfield code='8'>22710369350005066</subfield><subfield code='j'>1</subfield><subfield code='h'>SD XVIII.2.4841</subfield><subfield code='b'>BN_PL</subfield><subfield code='p'>888a1255872</subfield><subfield code='c'>bstdr</subfield><subfield code='z'>Defekt: brak dedykacji.</subfield></datafield><datafield ind1=' ' ind2=' ' tag='852'><subfield code='8'>2275247490007663</subfield><subfield code='j'>1</subfield><subfield code='h'>sdXVIII-57807</subfield><subfield code='b'>ZNO-SZEW</subfield><subfield code='p'>B00040815</subfield><subfield code='c'>240000</subfield></datafield><datafield ind1=' ' ind2=' ' tag='852'><subfield code='b'>48OMNIS_ZNO</subfield><subfield code='8'>991003829515307663</subfield></datafield><datafield ind1=' ' ind2=' ' tag='852'><subfield code='8'>22560627350005066</subfield><subfield code='j'>1</subfield><subfield code='h'>SD XVIII.2.4306</subfield><subfield code='b'>BN_PL</subfield><subfield code='p'>777i52550552</subfield><subfield code='c'>bstdr</subfield><subfield code='z'>Defekt: brak części drugiej.</subfield></datafield><datafield ind1=' ' ind2=' ' tag='852'><subfield code='8'>22560627330005066</subfield><subfield code='j'>1</subfield><subfield code='h'>SD W.1.1859</subfield><subfield code='b'>BN_PL</subfield><subfield code='p'>777i54643879</subfield><subfield code='c'>bstdr</subfield><subfield code='z'>Egzemplarz uszkodzony. Brak dedykacji. Brak dwóch kart tablic składanych.</subfield></datafield><datafield ind1=' ' ind2=' ' tag='950'><subfield code='u'>https://eu05.alma.exlibrisgroup.com/view/uresolver/48OMNIS_NETWORK/openurl?u.ignore_date_coverage=true&amp;portfolio_pid=53714723690005066&amp;Force_direct=true</subfield><subfield code='z'>Zobacz w Polonie: egzemplarz SD W.1.1859</subfield><subfield code='8'>53714723690005066</subfield></datafield></record>
  </collection>
</resp>
